| 000 | 01016nam a22002777a 4500 | ||
|---|---|---|---|
| 001 | 3792 | ||
| 003 | FISKH | ||
| 005 | 20250821143911.0 | ||
| 008 | 240507b cb ||||| |||| 00| 0 eng d | ||
| 020 | _a9789814281065 | ||
| 040 |
_aFISKH _beng _cFISKH _dFISKH |
||
| 050 | _a416 | ||
| 100 |
_aGiles, Jenny _eauthor |
||
| 245 |
_aChicken- Licken / _cRetold by Jenny Giles ; illustrated by Margaret Power |
||
| 250 | _aFirst published in 1997 | ||
| 260 |
_aBoston : _bCengage Learning ; _c1997 |
||
| 300 |
_a30 pages : _bcolor illustrations ; _c22 cm . |
||
| 505 | _aG | ||
| 520 | _aAfter an acorn falls on his head, Chicken-Licken thinks the sky is falling and rushes off to tell the king. On the journey, he stumbles across two friends who join him until they meet a fox. Thankfully, no animals are wounded. | ||
| 521 | 8 |
_a400
_bLexile |
|
| 521 | 8 |
_aG
_bRaz-Plus |
|
| 650 |
_afriends _vfairy tales |
||
| 700 |
_aPower, Margaret _eillustrator |
||
| 942 |
_2ddc _cBK _n0 |
||
| 999 |
_c3792 _d3792 |
||